Every DBD perks By icon But pixelated(Dracula Updated) - Statistics

General Stats
  • This quiz has been taken 33 times
  • The average score is 52 of 270
Answer Stats
Picture Answer % Correct
Quick Gambit
86%
Lucky Break
76%
Corrupt Intervention
62%
Empathy
57%
Hex: No One Escapes Death
57%
Merciless Storm
57%
Tinkerer
57%
Quick & Quiet
52%
Babysitter
48%
Blood Warden
48%
Head On
48%
Hex: Devour Hope
48%
Hubris
48%
Infectious Fright
48%
Mindbreaker
48%
No Way Out
48%
Rapid Brutality
48%
Streetwise
48%
Left Behind
43%
Lightborn
43%
Scourge Hook: Gift of Pain
43%
Self-Preservation
43%
Blood Rush
38%
Boil Over
38%
Distortion
38%
Enduring
38%
Hex: Crowd Control
38%
Hex: Thrill of the Hunt
38%
Lucky Star
38%
Resurgence
38%
Saboteur
38%
Second Wind
38%
Sole Survivor
38%
We're Gonna Live Forever
38%
Blast Mine
33%
Chemical Trap
33%
Dissolution
33%
Genetic Limits
33%
Overwhelming Presence
33%
Prove Thyself
33%
Small Game
33%
Visionary
33%
Appraisal
29%
Boon: Shadow Step
29%
Camaraderie
29%
Champion of Light
29%
Iron Will
29%
Kindred
29%
Light-footed
29%
Made for This
29%
No One Left Behind
29%
Spies from the Shadows
29%
Stake Out
29%
Urban Evasion
29%
Whispers
29%
Wicked
29%
Ace in the Hole
24%
Adrenaline
24%
Alert
24%
Alien Instinct
24%
Background Player
24%
Balanced Landing
24%
Beast of Prey
24%
Blood Echo
24%
Boon: Exponential
24%
Breakout
24%
Clairvoyance
24%
Dark Arrogance
24%
Distressing
24%
Eruption
24%
Forced Hesitation
24%
Hex: Plaything
24%
Hex: Ruin
24%
Iron Grasp
24%
Pop Goes the Weasel
24%
Red Herring
24%
Scourge Hook: Hangman's Trick
24%
Sloppy Butcher
24%
Smash Hit
24%
Starstruck
24%
Teamwork: Power of Two
24%
Unbound
24%
Unbreakable
24%
Windows of Opportunity
24%
Bamboozle
19%
Better Together
19%
Bloodhound
19%
Bond
19%
Boon: Circle of Healing
19%
Buckle Up
19%
Calm Spirit
19%
Dance With Me
19%
Dark Devotion
19%
Dead Hard
19%
Dead Man’s Switch
19%
Decisive Strike
19%
Deerstalker
19%
Deja Vu
19%
Dragon's Grip
19%
Dramaturgy
19%
Dying Light
19%
Fire Up
19%
Fixated
19%
Flashbang
19%
For the People
19%
Gearhead
19%
Hex: Blood Favor
19%
Hex: Haunted Ground
19%
Hex: Two Can Play
19%
Hoarder
19%
Hope
19%
Hyperfocus
19%
Hysteria
19%
Inner Strength
19%
Leader
19%
Lightweight
19%
Make Your Choice
19%
Overcome
19%
Parental Guidance
19%
Power Struggle
19%
Reassurance
19%
Remember Me
19%
Resilience
19%
Scourge Hook: Monstrous Shrine
19%
Self-Care
19%
Slippery Meat
19%
Spine Chill
19%
Thanatophobia
19%
Thrilling Tremors
19%
Unrelenting
19%
We'll Make It
19%
Agitation
14%
A Nurse's Calling
14%
Any Means Necessary
14%
Bite the Bullet
14%
Boon: Dark Theory
14%
Brutal Strength
14%
Built to Last
14%
Call of Brine
14%
Coulrophobia
14%
Coup de Grâce
14%
Cruel Limits
14%
Deathbound
14%
Deception
14%
Deliverance
14%
Diversion
14%
Finesse
14%
Flip-Flop
14%
Forced Penance
14%
Franklin's Demise
14%
Game Afoot
14%
Hex: Huntress Lullaby
14%
Insidious
14%
Iron Maiden
14%
Languid Touch
14%
Lethal Pursuer
14%
Lithe
14%
Mad Grit
14%
Mirrored Illusion
14%
Monitor & Abuse
14%
Nowhere to Hide
14%
Oppression
14%
Overzealous
14%
Pharmacy
14%
Plot Twist
14%
Poised
14%
Potential Energy
14%
Reactive Healing
14%
Shadowborn
14%
Solidarity
14%
Sprint Burst
14%
Stridor
14%
Surge
14%
Surveillance
14%
Technician
14%
This Is Not Happening
14%
Trail of Torment
14%
Undone
14%
Unnerving Presence
14%
Wake Up!
14%
Aftercare
10%
Autodidact
10%
Awakened Awareness
10%
Barbecue & Chili
10%
Batteries Included
10%
Bitter Murmur
10%
Borrowed Time
10%
Breakdown
10%
Dark Sense
10%
Deadlock
10%
Discordance
10%
Eyes of Belmont
10%
Fast Track
10%
Friendly Competition
10%
Friends ‘Til the End
10%
Grim Embrace
10%
Hex: Face the Darkness
10%
Hex: Pentimento
10%
Hex: Retribution
10%
Hex: The Third Seal
10%
Human Greed
10%
Invocation: Weaving Spiders
10%
Knock Out
10%
Leverage
10%
Low Profile
10%
Machine Learning
10%
Mettle of Man
10%
Nemesis
10%
No Mither
10%
Object of Obsession
10%
Open-Handed
10%
Plunderer's Instinct
10%
Rancor
10%
Repressed Alliance
10%
Save the Best for Last
10%
Scene Partner
10%
Scourge Hook: Floods of Rage
10%
Septic Touch
10%
Soul Guard
10%
Specialist
10%
Spirit Fury
10%
Strength in Shadows
10%
Superior Anatomy
10%
Tenacity
10%
Troubleshooter
10%
Ultimate Weapon
10%
Vigil
10%
Weave Attunement
10%
Wiretap
10%
Bardic Inspiration
5%
Blood Pact
5%
Boon: Illumination
5%
Botany Knowledge
5%
Corrective Action
5%
Counterforce
5%
Cut Loose
5%
Darkness Revealed
5%
Deadline
5%
Desperate Measures
5%
Detective's Hunch
5%
Dominance
5%
Exultation
5%
Furtive Chase
5%
Hardened
5%
Hex: Undying
5%
Hex: Wretched Fate
5%
I'm All Ears
5%
Off the Record
5%
Overcharge
5%
Predator
5%
Premonition
5%
Residual Manifest
5%
Rookie Spirit
5%
Scavenger
5%
Scourge Hook: Pain Resonance
5%
Shattered Hope
5%
Territorial Imperative
5%
THWACK!
5%
Unforeseen
5%
Up the Ante
5%
Zanshin Tactics
5%
Better Than New
0%
Empathic Connection
0%
Fogwise
0%
Inner Focus
0%
Moment of Glory
0%
Play With Your Food
0%
Still Sight
0%
Teamwork: Collective Stealth
0%
Terminus
0%
No matching quizzes found
Score Distribution
Percent of People with Each Score
Percentile by Number Answered
Your Score History
You have not taken this quiz